Big Bang Theory Episodes by Any Word Quiz Stats

 Plays Quiz not verified by Sporcle

Score 0/279 Timer 17:00
1 Play Today
Hint Answer % Correct
Season 1The Big Bran Hypothesis
79.9%
Season 2The Bath Item Gift Hypothesis
74.9%
Season 10The Comic-Con Conundrum
74.4%
Season 5The Recombination Hypothesis
74.1%
Season 2The Cooper-Nowitzki Theorem
73.9%
Season 1The Cooper-Hofstadter Polarization
73.7%
Season 4The Alien Parasite Hypothesis
73.6%
Season 5The Infestation Hypothesis
73.5%
Season 6The Cooper/Kripke Inversion
71%
Season 7The Cooper Extraction
70.9%
Season 1Pilot
70.6%
Season 1The Grasshopper Experiment
70.4%
Season 3The Gorilla Experiment
70.3%
Season 2The Bad Fish Paradigm
67.9%
Season 4The Love Car Displacement
66.3%
Season 1The Luminous Fish Effect
65.1%
Season 7The Hofstadter Insufficiency
65.1%
Season 2The Hofstadter Isotope
64.1%
Season 4The 21-Second Excitation
63.7%
Season 8The Space Probe Disintegration
62.8%
Season 7The Proton Displacement
62.7%
Season 6The Fish Guts Displacement
62.6%
Season 7The Table Polarization
62.5%
Season 1The Middle-Earth Paradigm
61.9%
Season 7The Proton Transmogrification
61.4%
Season 2The Panty Piñata Polarization
61.2%
Season 5The Hawking Excitation
60.9%
Season 1The Bat Jar Conjecture
60%
Season 5The Russian Rocket Reaction
60%
Season 6The Bon Voyage Reaction
60%
Season 3The Electric Can Opener Fluctuation
59.9%
Season 4The Engagement Reaction
59.8%
Season 3The Lunar Excitation
59.4%
Season 1The Peanut Reaction
59.3%
Season 3The Bozeman Reaction
59%
Season 5The Good Guy Fluctuation
59%
Season 12The Wedding Gift Wormhole
58.8%
Season 8The Junior Professor Solution
58.8%
Season 7The Anything Can Happen Recurrence
58.7%
Season 8The Comic Book Store Regeneration
58.7%
Season 6The Love Spell Potential
58.6%
Season 6The Proton Resurgence
58%
Season 8The Expedition Approximation
58%
Season 5The Vacation Solution
57.9%
Season 8The Maternal Combustion
57.8%
Season 6The Decoupling Fluctuation
57.7%
Season 3The Pirate Solution
57.6%
Season 3The Wheaton Recurrence
57.6%
Season 6The Holographic Excitation
57.6%
Season 4The Roommate Transmogrification
57.4%
Season 6The Date Night Variable
57.4%
Season 9The Big Bear Precipitation
57.4%
Season 8The First Pitch Insufficiency
57.2%
Season 8The Clean Room Infiltration
57.1%
Season 4The Hot Troll Deviation
57%
Season 1The Tangerine Factor
56.9%
Season 1The Fuzzy Boots Corollary
56.2%
Season 3The Creepy Candy Coating Corollary
56.1%
Season 4The Apology Insufficiency
56%
Season 4The Benefactor Factor
55.8%
Season 3The Maternal Congruence
55.6%
Season 3The Jiminy Conjecture
55.5%
Season 2The Maternal Capacitance
55.3%
Season 2The Killer Robot Instability
55.1%
Season 2The Monopolar Expedition
54.5%
Season 7The Friendship Turbulence
54.5%
Season 3The Gothowitz Deviation
54.4%
Season 11The Proton Regeneration
54.2%
Season 6The Bakersfield Expedition
54%
Season 5The Friendship Contraction
53.6%
Season 7The Convention Conundrum
53.6%
Season 5The Speckerman Recurrence
53.5%
Season 7The Itchy Brain Simulation
53.4%
Season 2The Friendship Algorithm
53.3%
Season 8The Septum Deviation
53.2%
Season 9The Opening Night Excitation
53.1%
Season 6The Higgs Boson Observation
52.7%
Season 7The Mommy Observation
52.3%
Season 2The Vartabedian Conundrum
52.1%
Season 1The Dumpling Paradox
51.7%
Season 9The Mystery Date Observation
51.7%
Season 3The Einstein Approximation
51.5%
Season 7The Status Quo Combustion
51.3%
Season 4The Agreement Dissection
50.8%
Season 6The Santa Simulation
50.6%
Season 2The Lizard-Spock Expansion
50.6%
Season 4The Prestidigitation Approximation
50.2%
Season 7The Scavenger Vortex
49.8%
Season 3The Cornhusker Vortex
49.7%
Season 3The Psychic Vortex
49.4%
Season 5The Weekend Vortex
49.4%
Season 4The Zazzy Substitution
49.2%
Season 1The Hamburger Postulate
49.1%
Hint Answer % Correct
Season 4The Cruciferous Vegetable Amplification
49.1%
Season 9The Line Substitution Solution
49.1%
Season 6The Parking Spot Escalation
49%
Season 7The Thanksgiving Decoupling
49%
Season 2The Vegas Renormalization
48.8%
Season 4The Bus Pants Utilization
48.7%
Season 3The Guitarist Amplification
48.4%
Season 3The Pants Alternative
48.4%
Season 5The Skank Reflex Analysis
48.4%
Season 9The Positive Negative Reaction
48.2%
Season 2The Griffin Equivalency
48.1%
Season 2The Euclid Alternative
48.1%
Season 6The Extract Obliteration
48%
Season 11The Retraction Reaction
48%
Season 2The Terminator Decoupling
47.9%
Season 5The Rothman Disintegration
47.8%
Season 11The Comet Polarization
47.8%
Season 11The Gates Excitation
47.6%
Season 6The Egg Salad Equivalency
47.6%
Season 5The Launch Acceleration
47.4%
Season 12The Confirmation Polarization
47.2%
Season 4The Cohabitation Formulation
47.2%
Season 4The Toast Derivation
47.1%
Season 8The Prom Equivalency
47.1%
Season 4The Irish Pub Formulation
47.1%
Season 4The Justice League Recombination
47.1%
Season 12The Maternal Conclusion
47.1%
Season 3The Spaghetti Catalyst
46.8%
Season 5The Wiggly Finger Catalyst
46.8%
Season 6The Closure Alternative
46.8%
Season 8The Intimacy Acceleration
46.8%
Season 4The Thespian Catalyst
46.5%
Season 7The Gorilla Dissolution
46.5%
Season 10The Conjugal Conjecture
46.1%
Season 3The Vengeance Formulation
46%
Season 9The Viewing Party Combustion
46%
Season 2The Work Song Nanocluster
45.7%
Season 4The Robotic Manipulation
45.6%
Season 3The Plimpton Stimulation
45.4%
Season 6The Tenure Turbulence
45.4%
Season 2The Classified Materials Turbulence
45.2%
Season 2The White Asparagus Triangulation
45.2%
Season 9The Spock Resonance
45%
Season 10The Collaboration Fluctuation
44.5%
Season 7The Locomotive Manipulation
44.5%
Season 1The Nerdvana Annihilation
43.9%
Season 9The Helium Insufficiency
43.9%
Season 8The Locomotion Interruption
43.7%
Season 1The Pancake Batter Anomaly
43.6%
Season 6The Re-Entry Minimization
43.4%
Season 1The Jerusalem Duality
43.3%
Season 7The Raiders Minimization
43.3%
Season 11The Monetary Insufficiency
42.8%
Season 4The Boyfriend Complexity
42.5%
Season 8The Skywalker Incursion
42.5%
Season 3The Staircase Implementation
42.3%
Season 6The 43 Peculiarity
42%
Season 5The Isolation Permutation
41.8%
Season 12The Consummation Deviation
41.7%
Season 4The Wildebeest Implementation
41.6%
Season 6The Contractual Obligation Implementation
41.5%
Season 4The Zarnecki Incursion
41.3%
Season 10The Locomotion Reverberation
41.2%
Season 8The Troll Manifestation
41.1%
Season 8The Fortification Implementation
41%
Season 12The D&D Vortex
40.8%
Season 2The Barbarian Sublimation
40.7%
Season 3The Adhesive Duck Deficiency
40.7%
Season 10The Hot Tub Contamination
40.6%
Season 8The Graduation Transmission
40.6%
Season 8The Hook-Up Reverberation
40.3%
Season 2The Dead Hooker Juxtaposition
40.1%
Season 9The 2003 Approximation
40.1%
Season 5The Stag Convergence
40%
Season 5The Countdown Reflection
39.9%
Season 9The Bachelor Party Corrosion
39.9%
Season 10The Cohabitation Experimentation
39.9%
Season 1The Loobenfeld Decay
39.8%
Season 2The Codpiece Topology
39.7%
Season 5The Beta Test Initiation
39.7%
Season 3The Large Hadron Collision
39.7%
Season 8The Champagne Reflection
39.6%
Season 6The Monster Isolation
39.5%
Season 7The Relationship Diremption
39.4%
Season 9The Celebration Experimentation
39.3%
Season 12The Grant Allocation Derivation
39.2%
Season 11The Celebration Reverberation
39%
Season 4The Herb Garden Germination
38.9%
Season 1The Pork Chop Indeterminacy
38.7%
Season 7The Romance Resonance
38.6%
Season 12The Decision Reverberation
38.1%
Season 5The Pulled Groin Extrapolation
37.9%
Season 9The Earworm Reverberation
37.9%
Hint Answer % Correct
Season 10The Cognition Regeneration
37.3%
Season 5The Werewolf Transformation
37.2%
Season 2The Financial Permeability
37.1%
Season 11The Proposal Proposal
36.9%
Season 11The Collaboration Contamination
36.9%
Season 12The Stockholm Syndrome
36.6%
Season 10The Romance Recalibration
36.2%
Season 3The Excelsior Acquisition
36.2%
Season 5The Flaming Spittoon Acquisition
36%
Season 7The Occupation Recalibration
35.7%
Season 12The Change Constant
35.5%
Season 8The Commitment Determination
35.2%
Season 12The Tam Turbulence
35.1%
Season 9The Sales Call Sublimation
33.8%
Season 10The Property Division Collision
33.8%
Season 11The Reclusive Potential
33.8%
Season 8The Colonization Application
33.5%
Season 11The Separation Triangulation
33.3%
Season 10The Fetal Kick Catalyst
33.1%
Season 8The Anxiety Optimization
32.6%
Season 6The Tangible Affection Proof
32.5%
Season 5The Shiny Trinket Maneuver
32.3%
Season 10The Holiday Summation
32.2%
Season 2The Cushion Saturation
32.1%
Season 12The Conjugal Configuration
32%
Season 12The Planetarium Collision
32%
Season 10The Geology Elevation
31.6%
Season 11The Geology Methodology
31.6%
Season 6The Habitation Configuration
31.3%
Season 5The Ornithophobia Diffusion
31.1%
Season 9The Perspiration Implementation
31.1%
Season 12The Meteorite Manifestation
30.9%
Season 12The Donation Oscillation
30.7%
Season 9The Meemaw Materialization
30.5%
Season 7The Indecision Amalgamation
30.1%
Season 3The Precious Fragmentation
30%
Season 9The Separation Oscillation
30%
Season 11The Solo Oscillation
29.4%
Season 5The Rhinitis Revelation
29.4%
Season 10The Brain Bowl Incubation
28.7%
Season 10The Separation Agitation
28.7%
Season 8The Focus Attenuation
28.6%
Season 4The Desperation Emanation
28%
Season 9The Platonic Permutation
27.8%
Season 11The Bow Tie Asymmetry
27.4%
Season 7The Discovery Dissipation
27.3%
Season 7The Workplace Proximity
27.2%
Season 10The Long Distance Dissonance
27.2%
Season 9The Convergence Convergence
26.7%
Season 8The Communication Deterioration
26.5%
Season 7The Deception Verification
26.5%
Season 5The Transporter Malfunction
26.3%
Season 6The Closet Reconfiguration
26.2%
Season 8The Leftover Thermalization
26.2%
Season 12The Paintball Scattering
26.1%
Season 12The Plagiarism Schism
25.9%
Season 12The Procreation Calculation
24.1%
Season 11The Sibling Realignment
23.2%
Season 12The Propagation Proposition
23%
Season 6The Spoiler Alert Segmentation
22.8%
Season 11The Athenaeum Allocation
22.8%
Season 8The Misinterpretation Agitation
22.7%
Season 7The Hesitation Ramification
22.3%
Season 9The Matrimonial Momentum
21.5%
Season 9The Application Deterioration
21.3%
Season 11The Matrimonial Metric
20.2%
Season 10The Birthday Synchronicity
19.7%
Season 12The Citation Negation
18.4%
Season 10The Recollection Dissipation
18.2%
Season 9The Empathy Optimization
17.8%
Season 11The Bitcoin Entanglement
16.2%
Season 11The Neonatal Nomenclature
15.4%
Season 11The Tesla Recoil
14%
Season 9The Fermentation Bifurcation
13.8%
Season 10The Military Miniaturization
13.8%
Season 12The Laureate Accumulation
13.1%
Season 11The Explosion Implosion
12.9%
Season 11The Confidence Erosion
12.3%
Season 12The Conference Valuation
12.1%
Season 11The Tenant Disassociation
11.8%
Season 9The Solder Excursion Diversion
11.6%
Season 12The VCR Illumination
11.6%
Season 10The Emotion Detection Automation
10.7%
Season 12The Inspiration Deprivation
10.5%
Season 11The Novelization Correlation
9.6%
Season 11The Relaxation Integration
9.2%
Season 10The Veracity Elasticity
8.6%
Season 9The Valentino Submergence
7.5%
Season 12The Imitation Perturbation
7.4%
Season 10The Allowance Evaporation
7.2%
Season 10The Dependence Transcendence
6.3%
Season 10The Gyroscopic Collapse
5.7%
Season 10The Escape Hatch Identification
3.3%

You're not logged in!

Compare scores with friends on all Sporcle quizzes.
OR
Log In

Sporcle TV

Today on Sporcle TV


Watch our educational content, quiz creation guides, and fun videos on Sporcle TV.

Show Comments

Extras

Top Quizzes Today


Score Distribution

Your Account Isn't Verified!

In order to create a playlist on Sporcle, you need to verify the email address you used during registration. Go to your Sporcle Settings to finish the process.

Report this User

Report this user for behavior that violates our Community Guidelines.

Details: